| 000 | 00384nam a22001457a 4500 | ||
|---|---|---|---|
| 020 | _a9780199453780 | ||
| 082 | _a001.42 PHA | ||
| 100 | _aPhanse Sameer | ||
| 245 | _aResearch methodology logic, Methods and cases | ||
| 260 |
_aNew Delhi India _bOxford university press _c2016 |
||
| 300 |
_a727 _bP.B |
||
| 650 | _aResearch Methods | ||
| 700 | _aSameer Phanse | ||
| 942 | _cBK | ||
| 999 |
_c490574 _d490574 |
||